| 000 | 00595nam a2200181 a 4500 | ||
|---|---|---|---|
| 001 | 000844737 | ||
| 003 | AM-YeHGA | ||
| 005 | 20250617144924.0 | ||
| 008 | 111109s1973 ru r 000 0 rus d | ||
| 040 | _aAM-YeHGA | ||
| 041 | 0 | _arus | |
| 100 | 1 | _aНикольский, Николай Сергеевич | |
| 245 | 1 | 0 |
_aТоня : _bДокументальная повесть / _cН. Никольский. |
| 260 |
_aМосква : _bДОСААФ, _c1973. |
||
| 300 |
_a128 стр. : _bилл. ; _c19 см. |
||
| 650 | 1 | 4 |
_aРусская литература _xПовесть |
| 090 | _c304490 | ||
| 999 |
_c302791 _d302791 |
||